| 000 | 01059cam a2200301 i 4500 | ||
|---|---|---|---|
| 003 | DO-SdBNP | ||
| 005 | 20231011133217.0 | ||
| 007 | ta | ||
| 008 | 751003s2010 sp 000 f spa d | ||
| 020 | _a9788492812295 | ||
| 040 |
_aDO-SdBNP _bspa _cBNPHU _erda |
||
| 082 | 4 |
_bC172 _222 |
|
| 100 | 1 |
_aCamara, Dionisio _984457 |
|
| 245 | 1 | 0 |
_aGestión práctica de pymes : _bcómo optimizar los resultados de su empresa / _cDionisio Camara, Francisco Javier Santibáñez |
| 264 | 1 |
_aMadrid, España : _bIbergarceta publicaciones, _c2010. |
|
| 300 |
_axii, 261 páginas _c24 cm. |
||
| 336 |
_2rdacontent _atexto _btxt |
||
| 337 |
_2rdamedia _asin mediación _bn |
||
| 338 |
_2rdacarrier _avolumen _bnc |
||
| 590 | _aInventariado, 2023/ YL | ||
| 650 | 4 |
_aPequeñas y medianas empresas _xGestión _984458 |
|
| 700 | 1 |
_aSantibáñez, Francisco Javier _eautor _984436 |
|
| 700 | 1 |
_aSteiner, George _ecomentarios _926088 |
|
| 700 | 1 |
_aHuxley, Aldous _ecomentarios _984453 |
|
| 700 | 1 |
_aChomsky, Noam _ecomentarios _944916 |
|
| 910 | _aYlockward | ||
| 942 |
_2ddc _cLBS1 |
||
| 999 |
_c55152 _d55152 |
||